موسوعة حياة محمد ( صلى الله عليه وسلم) / (Record no. 24966)
[ view plain ]
| 000 -الفاتح | |
|---|---|
| حقل البيانات ثابتة الطول | 00917nam a22002655a 4500 |
| 003 - محدد رقم الضبط | |
| رقم الضبط | OSt |
| 005 - وقت وتاريخ اخر تعامل مع التسجيلة | |
| رقم الضبط | 20201124141834.0 |
| 008 - عناصر البيانات ثابتة الطول - معلومات عامة | |
| حقل البيانات ثابتة الطول | 170703s2009 ua a gre 000 0bara d |
| 017 ## - رقم الإيداع القانونى | |
| رقم الإيداع القانونى | 2008 / 7597 |
| 020 ## - الرقم الدولى المعيارى للكتب | |
| الرقم الدولى المعيارى للكتاب | 9772087448 |
| 040 ## - مصدر الفهرسة | |
| وكالة الفهرسة الأصلية | EG-ScBUE |
| لغة الفهرسة | ara |
| وكالة النسخ | EG-ScBUE |
| 082 04 - رقم تصنيف ديوى العشرى | |
| رقم التصنيف | 297.63 |
| رقم المادة | ح ف ن |
| رقم الطبعة | 22 |
| 100 1# - المدخل الرئيسى - إسم شخصى | |
| الإسم الشخصى | حفني، عبد المنعم. |
| 245 10 - بيان العنوان | |
| العنوان | موسوعة حياة محمد ( صلى الله عليه وسلم) / |
| بيان المسئوليه,etc | تاليف عبد المنعم الحفني. |
| 250 ## - بيان الطبعة | |
| بيان الطبعة | ط. 1 . |
| 260 ## - PUBLICATION, DISTRIBUTION, ETC. (IMPRINT) | |
| مكان الناشر او الموزع | القاهرة : |
| اسم الناشر او الموزع | مكتبة مدبولي، |
| تاريخ النشر أو التوزيع | 2009. |
| 300 ## - الوصف المادى | |
| التعداد | 3 مج. : |
| أبعاد الوعاء | 24 سم. |
| تفاصيل ماديه اخرى للوعاء | إيض ؛ |
| 504 ## - تبصرة ببليوجرافية | |
| تبصرة ببليوجرافية,الخ | ببليوجرافية : ص. 3723-3726. |
| 541 ## - تبصرة المصدر المباشر للتزويد | |
| مصدر التزويد | إهداء من ا. محمد فريد خميس. |
| 590 ## - تبصرة محلية(RLIN) | |
| تبصرة محلية | Wessam |
| 600 #7 - المدخل الاضافى بالموضوع-اسم شخصى | |
| الإسم الشخصى | محمد (صلى الله عليه وسلم)، |
| التواريخ المصاحبة للاسم | 53 ق. هـ-11 هـ |
| مصدر الرأس أو المصطلح | BUEsh |
| 9 (RLIN) | 16704 |
| 651 ## - المدخل الاضافى بالموضوع - اسم جغرافى | |
| مصدر الرأس أو المصطلح | BUEsh |
| 653 ## - مصطلح تكشيفى غير مقيد | |
| Resource For college | Generalities |
| Arrived date list | July2017 |
| 942 ## - عناصر المدخل الإضافي( كوها) | |
| مصدر التصنيف او مخطط الترفيف | Dewey Decimal Classification |
| حالة التراجع | حالة الفقد | مصدر التصنيف او خطة الترفيف | حالة تلف | ليس للاعارة | المكان الدائم | المكان الحالي | موقع الترفيف | تاريخ الاكتساب | Source of acquisition | رقم الاستدعاء | الباركود | Date last seen | مُعار | تبصرة غير عامة( المفوع للعناصر المفقوده) | نوع الوعاء | تبصرة عامة |
|---|---|---|---|---|---|---|---|---|---|---|---|---|---|---|---|---|
| Dewey Decimal Classification | Central Library | Central Library | Lower Floor | 03/07/2017 | Donation | 297.63 ح ف ن | 000034843 | 19/10/2025 | 15/10/2025 | إهداء من ا. محمد فريد خميس | NB - Book (Non borrowing) | مج. 1 | ||||
| Dewey Decimal Classification | Central Library | Central Library | Lower Floor | 03/07/2017 | Donation | 297.63 ح ف ن | 000034844 | 15/07/2025 | إهداء من ا. محمد فريد خميس | NB - Book (Non borrowing) | مج. 2 | |||||
| Dewey Decimal Classification | Central Library | Central Library | Lower Floor | 03/07/2017 | Donation | 297.63 ح ف ن | 000034845 | 15/07/2025 | إهداء من ا. محمد فريد خميس | NB - Book (Non borrowing) | مج. 3 |